Modelos de análisis y de planificación urbana: estudios sobre la evolución y tendencias de la ciudad de Puebla

Furkejuvvon:
Bibliográfalaš dieđut
Váldodahkkit: Pérez Mendoza, Salvador (Dahkki), Polèse, Mario (Dahkki)
Materiálatiipa: Girji
Giella:espánnjágiella
Almmustuhtton: Cuernavaca Plaza y Valdés 1996
Preanttus:1a. ed
Fáttát:
Fáddágilkorat: Lasit fáddágilkoriid
Eai fáddágilkorat, Lasit vuosttaš fáddágilkora!

MARC

LEADER 00000cam a2200000 a 4500
001 UCE0243
003 CL-VaPUC
008 140109e19960300mx |||||||||||||||||spa|d
020 |a 9688564567 
082 0 4 |a 711.40972  |b PER  |2 21 
100 0 |a Pérez Mendoza, Salvador  |e author  |9 572602 
700 0 |a Polèse, Mario  |e author  |9 572603 
245 1 0 |a Modelos de análisis y de planificación urbana: estudios sobre la evolución y tendencias de la ciudad de Puebla 
250 |a 1a. ed 
300 |a 299 p 
942 |c BK 
945 |d 20140109 11:50:00  |a dcastane 
260 |a Cuernavaca  |b Plaza y Valdés  |c 1996 
650 0 |a Urbanismo  |9 255208 
650 0 |a Urbanización   |9 265706 
650 0 |a Planificación urbana   |9 258176 
651 7 |a PUEBLA  |2 CL-VaPUC  |9 572604 
651 0 |a México  |9 255269 
583 |a last modification  |c 20140109 11:50:00  |k Rodrigo Vera 
999 |c 354445  |d 354443 
952 |0 0  |1 0  |3 erb  |4 0  |6 711_409720000000000_PER_1996  |7 0  |8 A  |9 460322  |a BIBING  |b BIBING  |i 5045843  |o 711.40972 PER 1996  |p 5045843  |r 2025-01-20  |w 2019-11-23  |y BK  |z Catalogado en:20140109  |k GEO